| 000 | 00627cab a2200229 4500 | ||
|---|---|---|---|
| 001 | ABS54310 | ||
| 008 | 090401t1996 xxu||||| |||| 00| 0 eng d | ||
| 035 | _a(Sirsi) u9722 | ||
| 041 | _aeng | ||
| 100 | _aHarris, S. | ||
| 245 | _aIn defence of badgers | ||
| 260 | _c1996 | ||
| 350 | _a0 | ||
| 490 |
_aCountry Landowner _v190(3) 18 January 1996, 30-32(3) |
||
| 520 | _aTraces the history of monitoring the UK badger population discussing the problems faced by farmers. | ||
| 650 | _aBADGERS ACT 1973 | ||
| 650 | _aBADGERS | ||
| 690 | _aCONSERVATION | ||
| 690 | _aRURAL PRACTICE | ||
| 942 | _n0 | ||
| 948 | _c04/03/1997 | ||
| 999 |
_c6112 _d6112 |
||